| Tag |
First Indicator |
Second Indicator |
Subfields |
| LEADER |
00000cam a2200000 4500 |
| 001 |
in00000056337 |
| 005 |
20151007081900.0 |
| 008 |
740219r19251914 eng u |
| 010 |
|
|
|a 25020278
|
| 035 |
|
|
|a (OCoLC)00807440
|
| 035 |
|
|
|9 AAF7052AM
|
| 040 |
|
|
|c KSU
|d TXA
|d UtOrBLW
|
| 049 |
|
|
|a TXAM
|c [302992]
|
| 050 |
0 |
0 |
|a HN67
|b .W5 1925
|
| 092 |
|
|
|a 301.243
|b W613f
|
| 100 |
1 |
|
|a Whitlock, Brand,
|d 1869-1934.
|
| 245 |
1 |
0 |
|a Forty years of it /
|c by Brand Whitlock, preface by William Allen White.
|
| 264 |
|
1 |
|a New York,
|a London :
|b D. Appleton and company,
|c 1925.
|
| 300 |
|
|
|a 373 pages :
|b illustrations ;
|c 21 cm.
|
| 336 |
|
|
|a text
|b txt
|2 rdacontent
|
| 337 |
|
|
|a unmediated
|b n
|2 rdamedia
|
| 338 |
|
|
|a volume
|b nc
|2 rdacarrier
|
| 500 |
|
|
|a First published 1914.
|
| 651 |
|
0 |
|a United States
|x Social conditions.
|
| 999 |
|
|
|a MARS
|
| 999 |
f |
f |
|s 771694cd-5fba-3219-879c-6f209b8064a9
|i 6a8802a8-1548-3af3-b10c-26f59e5db819
|t 0
|
| 952 |
f |
f |
|p ric
|a Texas A&M University
|b Rellis Campus
|c Joint Library Facility
|d Remote Storage
|t 0
|e HN67 .W5 1925
|h Library of Congress classification
|i unmediated -- volume
|m A14800639929
|
| 998 |
f |
f |
|a HN67 .W5 1925
|t 0
|l Remote Storage
|